Introducción a la Biología

Gespeichert in:
Bibliographische Detailangaben
1. Verfasser: Ehrlich, Paul R
Weitere Verfasser: Holm, Richard W, Soulé, Michael E
Format: Buch
Sprache:Spanisch
Veröffentlicht: Ciudad de México McGraw-Hill 1974
Schlagworte:
Tags: Tag hinzufügen
Keine Tags, Fügen Sie den ersten Tag hinzu!

MARC

LEADER 00000nam a2200000 a 4500
001 UCT4953
003 CL-VaPUC
005 20250226123241.0
008 961127e19740000MX |||||||||||||||||spa|d
999 |c 254032  |d 254030 
040 |c Pontificia Universidad Católica de Valparaíso 
082 0 4 |a 570 EHR 1974  |2 21 
100 0 |a Ehrlich, Paul R  |9 374229 
245 1 0 |a Introducción a la Biología 
260 |a Ciudad de México  |b McGraw-Hill  |c 1974 
300 |a 496 páginas 
583 |a last modification  |c 19961127 00:00:00  |k Rodrigo Vera 
650 0 |a Biología  |9 262022 
650 0 |a Organismos vivos  |9 264556 
650 0 |a Células   |9 269548 
650 0 |a Reproducción  |9 269783 
650 7 |a FISIOLOGIA  |2 CL-VaPUC  |9 374232 
650 7 |a HORMONAS  |2 CL-VaPUC  |9 269554 
650 7 |a SISTEMA ENDOCRINO  |2 CL-VaPUC  |9 329871 
650 0 |a Sistema nervioso  |9 266815 
700 0 |a Holm, Richard W  |9 374230 
700 0 |a Soulé, Michael E  |9 374231 
942 |c BK  |2 ddc 
945 |d 19961127 00:00:00  |a paguirre 
952 |0 0  |1 0  |2 ddc  |4 0  |6 570_000000000000000_EHR_1974  |7 0  |8 A  |9 275375  |a BIBCUR  |b BIBCUR  |d 2019-11-19  |i 1791850  |o 570 EHR 1974  |p 1791850  |r 2025-04-22  |t 1  |w 2019-11-19  |y BK  |k BIO